IFRS: Global Rules & Local Use - Beyond the Numbers The 10th International Scientific Conference, 6-7 October 2022
Guardado en:
| Autor Corporativo: | |
|---|---|
| Otros Autores: | , |
| Formato: | Libro |
| Lenguaje: | inglés |
| Publicado: |
Prague
Anglo-American University
2022
|
| Edición: | 1st Edition |
| Materias: | |
| Etiquetas: |
Sin Etiquetas, Sea el primero en etiquetar este registro!
|
MARC
| LEADER | 00000nlm a2200000 4500 | ||
|---|---|---|---|
| 001 | 0290041 | ||
| 005 | 20240822101720.8 | ||
| 020 | |a 978-80-7638-031-8 | ||
| 020 | |a 978-80-907602-6-4 | ||
| 041 | 0 | |a eng | |
| 044 | |a CZ | ||
| 245 | 1 | 0 | |a IFRS: Global Rules & Local Use - Beyond the Numbers |b The 10th International Scientific Conference, 6-7 October 2022 |c Reviewers: Marie Paseková, Jaroslav Wagner |
| 250 | |a 1st Edition | ||
| 264 | 1 | |a Prague |b Anglo-American University |c 2022 | |
| 300 | |a 375 s. | ||
| 610 | 2 | 0 | |a IFRS |
| 610 | 2 | 0 | |a účtovníctvo |
| 610 | 2 | 0 | |a výkazy finančné |
| 700 | 1 | |a Paseková, Marie | |
| 700 | 1 | |a Wagner, Jaroslav | |
| 110 | 2 | |a IFRS: Global Rules & Local Use - Beyond the Numbers. International Scientific Conference | |